Harrison's manual of medicine (Record no. 8114)

MARC details
000 -LEADER
fixed length control field 01354nam a22002057a 4500
020 ## - INTERNATIONAL STANDARD BOOK NUMBER
ISBN 9780071635110
050 ## - CALL NUMBER
Classification number RC46
Item number .H24
100 ## - AUTHOR
Personal name Anthony S Fauci
245 ## - TITLE
Title Harrison's manual of medicine
Statement of responsibility, etc Anthony S Fauci; Tinsley Randolph Harrison
250 ## - EDITION
Edition statement 17th ed
260 ## - PUBLICATION INFORMATION
Place of publication New York :
Name of publisher McGraw-Hill Medical,
Year of publication 2009
300 ## - DESCRIPTION
Number of Pages 1 online resource (xvii, 1244 pages) :
Other physical details illustrations (some color)
Dimensions 19cm.
440 ## - SERIES
SERIES Harrison's principles of internal medicine.
500 ## - NOTES
General note Includes index.
505 ## - FORMATTED CONTENTS NOTE
Table of Content Sect. 1: Care of the hospitalized patient --<br/>Sect. 2: Medical emergencies --<br/>Sect. 3: Common patient presentations --<br/>Sect. 4: Ophthalmology and otolaryngology --<br/>Sect. 5: Dermatology --<br/>Sect. 6: Hematology and oncology --<br/>Sect. 7: Infectious diseases --<br/>Sect. 8: Cardiology --<br/>Sect. 9: Pulmonology --<br/>Sect. 10: Nephrology --<br/>Sect. 11: Gastroenterology --<br/>Sect. 12: Allergy, clinical immunology and rheumatology --<br/>Sect. 13: Endocrinology and metabolism --<br/>Sect. 14: Neurology --<br/>Sect. 15: Psychiatry and substance abuse --<br/>Sect. 16: Disease prevention and health maintenance --<br/>Sect. 17: Adverse drug reactions --<br/>Sect. 18: Laboratory values.
650 ## - SUBJECTS
Topical Term Internal medicine -- Handbooks, manuals, etc.
650 ## - SUBJECTS
Topical Term Clinical Medicine -- Handbooks.
650 ## - SUBJECTS
Topical Term Internal Medicine -- Handbooks.
942 ## - ADDED ENTRY ELEMENTS (KOHA)
Koha item type Books
Holdings
Withdrawn status Lost status Collection code Home library Current library Shelving location Date acquired Cost, normal purchase price Full call number Accession Number Koha item type
    Reference Methodist University Library Main Methodist University Library Main General Stacks 25/11/2021 168.00 RC46 .H24 8430 Books
    Reference Methodist University Library Main Methodist University Library Main General Stacks 25/11/2021 168.00 RC46 .H24 8431 Books
Copyright © 2026  MUG Library